101 hướng dẫn thiết thực - Tennis

Phương pháp luyện tập môn thể thao Tennis, những giải đáp, những điểm cốt lõi mà bạn có thể nắm bắt được ngay.

Đã lưu trong:
書目詳細資料
格式: 圖書
語言:Undetermined
出版: Đà Nẵng Nhà xuất bản Đà Nẵng 2006
主題:
標簽: 添加標簽
沒有標簽, 成為第一個標記此記錄!
Thư viện lưu trữ: Trung tâm Học liệu Trường Đại học Cần Thơ
LEADER 00695nam a2200193Ia 4500
001 CTU_118550
008 210402s9999 xx 000 0 und d
020 |c 32000 
082 |a 796.342 
082 |b M458 
245 0 |a 101 hướng dẫn thiết thực - Tennis 
245 0 |c Saigonbook 
260 |a Đà Nẵng 
260 |b Nhà xuất bản Đà Nẵng 
260 |c 2006 
520 |a Phương pháp luyện tập môn thể thao Tennis, những giải đáp, những điểm cốt lõi mà bạn có thể nắm bắt được ngay. 
650 |a Tennis 
904 |i Hiếu 
980 |a Trung tâm Học liệu Trường Đại học Cần Thơ